00790nam a2200205 i 450000100060000000300090000600500170001500700030003200800410003510000280007624501550010426000320025930000290029170000310032070000290035170000290038085200320040999900170044195201260045857457ES-MaACL20230906163600.0t|031016s1962 sp ||||1| spa d1 aDorfman, Robert.94540110aProgramación lineal y análisis económico / cRobert Dorfman, Paul A. Samuelson, Robert M. Solow ; traducción del inglés por Anselmo Calleja. aMadrid : bAguilar, c1962. aXXIII, 572 p. ; c25 cm.1 aSamuelson, Paul A.91022221 aSolow, Robert M.91072471 aCalleja, Anselmo.933713 aES-MaACLjC-21979 bR.50788 c57457d57457 00104070aATENEOMbATENEOMcGaleríad2008-01-17eSCl0oC-21979p1060320r2023-02-23 00:00:00w2023-02-23yMONOGRAFIA